000 00342nam a22001337a 4500
008 181008b xxu||||| |||| 00| 0 eng d
020 _a0471714283
041 _aeng
080 _a611
100 _a7
101 _aANA
245 _aA brief Atlas of the skeleton, surface Anatomy, and selected Medical images
_cTortora,G.J
942 _2udc
_cBK
999 _c48988
_d48988